000 00789nam a22002531 4500
001 31372
003 BD-RjUL
005 20211209051707.0
008 140415s1956 enk 000 0 eng
035 _a(BD-RjUL)31459
035 _a(OCoLC)3178688
040 _aDLC
_cAzTeS
_dBD-RjUL
_beng
041 1 _aengfre
082 _a253
_bWOR 1956
245 1 4 _aThe Worker-priests :
_ba collective documentation /
_ctranslated from the French by John Petrie [pseud.]
260 _aLondon ;
_bRoutledge & K. Paul,
_c1956.
300 _axiv, 204 p. ;
_c22 cm.
650 0 _aPriest workers.
_995460
650 0 _aChurch and social problems
_zFrance.
_995461
700 1 _aHewison, Robert John Petrie
_d1909-
_etr.
_995462
942 _2ddc
_cBK
999 _c31372
_d31372